Proti Bulharom dve šance na odplatu slovenskí volejbalisti na turnaji Sofia Cup aj proti USA na lavičke s legendárnym Dougom Bealom

Podrobná bibliografia
Hlavný autor: Kubiš, Pavol (Autor)
Médium: Článok
Jazyk:slovenčina
Fyzický popis:Fotogr.
ISSN:0139-7001
Predmet:

MARC

LEADER 00000nab a2200000 a 4500
001 vtls000803866
003 SK-MaSNL
005 20260302151457.0
008 160318c2002 xo 0 slo
015 |a SNBRB2002/09-26341 
035 |a CLN000155521 
040 |a SNKBUCL  |b slo  |c SNKBUCL  |e AACR2 
041 0 |a slo 
044 |a xo  |c SK 
080 |a 796.325.071  |2 UDC-MRF-SK2 
100 1 |a Kubiš, Pavol  |4 aut  |9 219206 
245 1 0 |a Proti Bulharom dve šance na odplatu  |b slovenskí volejbalisti na turnaji Sofia Cup aj proti USA na lavičke s legendárnym Dougom Bealom  |c Pavol Kubiš 
300 |b Fotogr. 
611 1 7 |a Sofia Cup  |d 2002  |c Sofia, Bulharsko  |2 snkbucl  |9 843097 
650 0 7 |a volejbal  |x muži  |2 snkbucl  |9 839257 
773 0 |x 0139-7001  |t Šport  |g Roč. 56, č. 194 (21.8.2002), s. 7 
850 |a Slovenská národná knižnica v Martine 
852 |a SNK  |b KIS3GCP 
958 |a BG 
958 |a RBX 
999 |c 1360004  |d 1361934